| 000 | 01911nam a22002777a 4500 | ||
|---|---|---|---|
| 010 | _aENG-91602 B-462344-348 | ||
| 020 |
_a818863283X _c400.00 (500.00 BPPD) |
||
| 035 | _aEN-75135 B-462344-348 | ||
| 037 | _bDBAD / PUB | ||
| 037 | _bK.K.Pub/Ven | ||
| 082 | _a920.054 | ||
| 100 |
_aSengar, Shailendra _950098 |
||
| 245 |
_aEncyclopaedia of great Indian personalities: _cby Shailendra Sengar _bprominents laureates / |
||
| 260 |
_aDelhi _bPushpanjali Prakashan _c2008 |
||
| 270 |
_aL-46, Street No. 5, Shivaji Marg, Kartar Nagar _bDelhi _e110053 |
||
| 300 |
_avi, 304p. _c22cm (Hb) |
||
| 500 | _aIncludes bibliographical references and index | ||
| 942 |
_2ddc _cEN _mSHA _h920.054 |
||
| 999 |
_c18381 _d18381 |
||